Promising rubber planting materials with special reference to Indian clones (Record no. 65941)

MARC details
000 -LEADER
fixed length control field 00482nam a2200157Ia 4500
100 ## - MAIN ENTRY--AUTHOR NAME
Personal name Annamma Y
245 #0 - TITLE STATEMENT
Title Promising rubber planting materials with special reference to Indian clones
260 ## - PUBLICATION, DISTRIBUTION, ETC. (IMPRINT)
Name of publisher Planters Conference, 19 April 1990, Kottayam, India. pp. 62-70
Year of publication 1990
700 ## - ADDED ENTRY--PERSONAL NAME
Personal name Licy J
700 ## - ADDED ENTRY--PERSONAL NAME
Personal name Marattukalam J G
700 ## - ADDED ENTRY--PERSONAL NAME
Personal name Panikkar A O N
700 ## - ADDED ENTRY--PERSONAL NAME
Personal name Premakumari D
700 ## - ADDED ENTRY--PERSONAL NAME
Personal name Saraswathyamma C K
942 ## - ADDED ENTRY ELEMENTS (KOHA)
Koha item type Journals
Holdings
Withdrawn status Lost status Damaged status Not for loan Home library Current library Date acquired Koha item type
      Journals RRII Library RRII Library 17/12/2021 Journals